Statistics for Wheel of Time - Characters

Click here to take the quiz!

General Stats

  • This quiz has been taken 56 times
  • The average score is 16 of 28

Answer Stats

HintAnswer% Correct
Named 'Young Bull' by the wolvesPerrin
92%
The reincarnated soul of Lews Therin TelamonRand al'Thor
88%
Ta'veren, Prince of the Ravens, Son of BattlesMat Cauthon
85%
Aes Sedai who discovers the Dragon RebornMoiraine
81%
From Wisdom of Emond's Field to Queen of MalkierNynaeve
75%
Clairvoyante, one of Rand's paramoursMin
71%
Former bard to Queen MorgaseThom Merrilin
69%
Heir to the throne of Andor, also Rand's interestElayne
67%
Previously a False Dragon, leader of the Black TowerLogain
67%
Traveling merchant, later fused with MashadarPadan Fain
62%
Maiden of the Spear, another Rand's loverAviendha
60%
Former advisor to Queen Morgase, Red AjahElaida
58%
Emperor who conquered most of the known worldArtur Hawkwing
56%
Known as the "Betrayer of Hope"Ishamael, Moridin
56%
Brown Ajah turned Black but still Brown double agentVerin
56%
Legendary Aes Sedai of the Green AjahCadsuane
54%
Perrin Aybara's deceased wolf friend and mentor.Hopper
54%
One of the Forsaken, nicknamed "webspinner"Moghedien
52%
Captain of the ferryboat "Spray".Bayle Domon
50%
The leader of the Shaido Aiel and false Car'a'carnCouladin
50%
Suspected paramour of Queen MorgaseGareth Bryne
48%
One of the Forsaken, a master of CompulsionGraendal
48%
One of the Forsaken, killed by Lan MandragoranDemandred
46%
Head of the Black Ajah Supreme CouncilAlviarin
44%
Has the gift of "smelling" violence, from Shienar.Hurin
44%
Hunter for the Shadow, master of Tel'aran'rhiodSlayer
44%
Myrddraal. A principal agent of the Dark One.Shaidar Haran
42%
Commanded the Army of the Light in CaemlynDavram Bashere
25%

Score Distribution

Percentile by Number Answered

Percent of People with Each Score

Your Score History

You have not taken this quiz